Special relativity / (Record no. 29504)

000 -LEADER
fixed length control field 00649 a2200193 4500
020 ## - INTERNATIONAL STANDARD BOOK NUMBER
International Standard Book Number 1852334266
020 ## - INTERNATIONAL STANDARD BOOK NUMBER
International Standard Book Number 9781852334260
082 04 - DEWEY DECIMAL CLASSIFICATION NUMBER
Classification number 530.11
090 ## - LOCALLY ASSIGNED LC-TYPE CALL NUMBER (OCLC); LOCAL CALL NUMBER (RLIN)
-- 881
-- 881
100 1# - MAIN ENTRY--PERSONAL NAME
Personal name Woodhouse, N.M.J.
245 10 - TITLE STATEMENT
Title Special relativity /
Statement of responsibility, etc. N.M.J. Woodhouse.
260 ## - PUBLICATION, DISTRIBUTION, ETC.
Place of publication, distribution, etc. [S.l.] :
Name of publisher, distributor, etc. Springer,
Date of publication, distribution, etc. 2007.
300 ## - PHYSICAL DESCRIPTION
Extent 192 p. ;
Dimensions 23 cm.
490 1# - SERIES STATEMENT
Series statement Springer undergraduate mathematics series.
700 ## - ADDED ENTRY--PERSONAL NAME
Personal name Woodhouse, N.M.J.
830 #0 - SERIES ADDED ENTRY--UNIFORM TITLE
Uniform title Springer undergraduate mathematics series.
942 ## - ADDED ENTRY ELEMENTS (KOHA)
Institution code [OBSOLETE] SNS
Koha item type Book
Call number prefix 530.11 WOO
Holdings
Withdrawn status Lost status Damaged status Not for loan Permanent Location Current Location Date acquired Total Checkouts Full call number Barcode Checked out Date last seen Date last checked out Price effective from Koha item type
        School of Natural Sciences (SNS) School of Natural Sciences (SNS) 05/26/2016 1 530.11 WOO SNS0001050 02/26/2019 01/15/2019 01/15/2019 05/26/2016 Book
© 2023 Central Library, National University of Sciences and Technology. All Rights Reserved.